Т. 44, вып. 5; Кинетика и катализ

Библиографические подробности
Источник:Кинетика и катализ/ Российская академия наук (РАН), Институт органической химии им. Н. Д. Зелинского (ИОХ). Т. 44, вып. 5.— , 1960-.— 0453-8811
Язык:русский
Опубликовано: 2003
Формат: MixedMaterials Книга
Запись в KOHA:https://koha.lib.tpu.ru/cgi-bin/koha/opac-detail.pl?biblionumber=388453

MARC

LEADER 00000nam2a2200000 4500
001 388453
005 20231101063740.0
035 |a (RuTPU)RU\TPU\prd\19657 
090 |a 388453 
100 |a 20031117a19609999k y0rusy50 ca 
101 0 |a rus 
102 |a RU 
200 0 |a Т. 44, вып. 5 
210 |d 2003 
461 1 |0 (RuTPU)RU\TPU\prd\215  |x 0453-8811  |t Кинетика и катализ  |f Российская академия наук (РАН), Институт органической химии им. Н. Д. Зелинского (ИОХ)  |v Т. 44, вып. 5  |d 1960- 
801 0 |a RU  |b 63413507  |c 20010227  |g PSBO 
801 1 |a RU  |b 63413507  |c 20031117  |g PSBO 
801 2 |a RU  |b 63413507  |c 20120405  |g RCR 
942 |c BK 
999 |a НТБ_ТПУ  |b НФ  |e -1/20030113  |p П-6727  |s 14/20030407  |u 0,00  |v 1